| 000 | 01153nam a2200253Ia 4500 | ||
|---|---|---|---|
| 003 | Ost | ||
| 005 | 20260507075245.0 | ||
| 008 | 260507s9999||||xx |||||||||||||| ||und|| | ||
| 040 | _cfsecg | ||
| 041 | _aara | ||
| 082 | _a330 | ||
| 100 |
_aمنصور، طاهر محسن _eمؤلف |
||
| 245 | 0 |
_aنظرية المنظمة : _bمدخل العمليات / _c طاهر محسن منصور |
|
| 260 |
_aعمان: _bدار اليازوري, _c2010 |
||
| 300 |
_a232 صفحة؛ _bإيضاحات ؛ _c24 سم |
||
| 504 | _aمراجع ص.225 | ||
| 520 | _aالتحديات التي تواجه المنظمات في القرن الحادي و العشرين ، القيادة و تفوق المنظمات ـ التغيير التنطيمي ، التطوير التنظيمي ، الابداع و التعلم التنظيمي ، مع وجود أسئلةعامة ، أسئلة فكرية و أسئلة خيارات متعددة. | ||
| 653 | _aإدارة الأعمال | ||
| 653 | _aالإدارة | ||
| 653 | _aالقيادة | ||
| 653 | _aالمنظمات | ||
| 700 |
_aالخفاجي، نعمة عباس _eمؤلف ثانوي |
||
| 942 | _cكتاب | ||
| 999 |
_c43649 _d43649 |
||